Представление документа в формате RUSMARC

ПолеНазваниеЗначение
  Тип записи a
  Библиографический уровень m
001 Контрольный номер RU/IS/BASE/493297995
005 Дата корректировки 20240529153519.5
010 Индекс ISBN __
a ISBN 978-5-9795-1362-1
d Цена 30 р. 00 к.
9 Тираж 100 экз.
100 Данные общей обработки __
a Данные общей обработки 20150819d2015 ||| 0rusy0189 ca
101 Язык документа 0_
a Язык текста rus
102 Страна публикации __
a Страна публикации RU
105 Кодированные данные (монография) __
a Кодированные данные (монография) y###||||000|y
200 Заглавие и сведения об ответственности 1_
a Заглавие Немецкий язык
b Общее обозначение материала Текст
e Сведения, относящиеся к заглавию учебное пособие для студентов машиностроительных специальностей и направлений
f Первые сведения об ответственности Н. С. Шарафутдинова, О. А. Ситникова, В. И. Филимонов
210 Выходные данные 1_
a Место издания Ульяновск
c Издательство УлГТУ
d Дата издания 2015
215 Физическое описание __
a Объем 216 с.
d Формат 20 см.
300 Общие примечания __
a Общие примечания 18+
606 Тематические рубрики 0_
a Основная рубрика Немецкий язык - Учебные пособия
610 Ключевые слова 0_
a Ключевые слова язык немецкий
a Ключевые слова тексты по специальности
a Ключевые слова лексико-грамматические задания
a Ключевые слова навыки перевода технических текстов
a Ключевые слова лексика немецкоязычная
a Ключевые слова словари
686 Индексы других классификаций __
a Классификационный индекс 81.2Нем
2 Код системы ББК
701 Альтернативная интеллектуальная ответственность _0
a Фамилия Шарафутдинова
b Имя (инициалы) Н. С.
701 Альтернативная интеллектуальная ответственность _0
a Фамилия Ситникова
b Имя (инициалы) О. А.
701 Альтернативная интеллектуальная ответственность _0
a Фамилия Филимонов
b Имя (инициалы) В. И.
801 Источник записи _0
a Страна RU
b Организация МБУК ЦБС
c Дата составления 20150819
g Правила каталогизации RCR
801 Источник записи _1
a Страна RU
b Организация МБУК ЦБС г. Ульяновска
c Дата составления 20150819
g Правила каталогизации RCR
899 Данные о местонахождении __
i Авторский знак Н 50
j Расстановочный фильтр 81.2Нем
901 Тип документа __
t Тип документа m
910 Корректоры записи __
a Корректор записи Тургенева